00738nam a2200229Ia 4500003000400000005001700004008004100021020002200062040000700084041000800091082002300099100002500122245004500147260004300192300001200235365001300247650002700260906004000287942001200327999001900339952015000358OSt20230429104015.0210423s2014 xx 000 0 und d a978-1-4088-5567-6 cAL aeng a823.914 223bROWH aROWLING (J K)995041 aHarry potter and the prisoner of azkaban aNew DelhibBloomsbury Publishingc2014 a462bPB b499cINR aEnglish Fiction995042 aazkaban ; Harry ; potter ; prisoner 2ddccBK c170448d170448 001040708GENaSACPGbSACPGd2020-01-22eBiblios Book Pointg499.00l1o823.914 ROWHpPG016950r2024-12-09 00:00:00s2024-12-02w2021-04-26yBK